[Event "ASEAN-ch U18 15th"]
[Site "Taipa"]
[Date "2014.06.07"]
[Round "6"]
[White "Le, Quang Long"]
[Black "Nurlanov, Zhakshylyk"]
[Result "1/2-1/2"]
[WhiteElo "2375"]
[BlackElo "1986"]
[PlyCount "60"]
[EventDate "2014.06.04"]
[EventType "swiss"]
[EventRounds "9"]
[EventCountry "MAC"]
[SourceTitle "CBM 160 Extra"]
[Source "ChessBase"]
[SourceDate "2014.07.01"]
[SourceVersion "1"]
[SourceVersionDate "2014.07.01"]
[SourceQuality "1"]

1. e4 d6 2. d4 Nf6 3. Bd3 e5 4. d5 c6 5. c4 Be7 6. Ne2 0-0 7. 0-0 a5 8. Nbc3 Nbd7 9. Qc2 Nc5 10. f3 Nh5 11. Be3 Bg5 12. Qd2 Bxe3+ 13. Qxe3 Qh4 14. Bc2 Nf4 15. Nxf4 exf4 16. Qd2 Re8 17. Ne2 g5 18. g3 Qh3 19. gxf4 g4 20. f5 f6 21. Qf4 Kf7 22. fxg4 Rg8 23. Rf3 Rxg4+ 24. Rg3 Rxg3+ 25. Qxg3 Bxf5 26. Qxh3 Bxh3 27. Kf2 Re8 28. Nf4 Bc8 29. Re1 Rg8 30. Rg1 Rxg1 1/2-1/2

[Event "ASEAN-ch U18 15th"]
[Site "Taipa"]
[Date "2014.06.06"]
[Round "4"]
[White "Nurlanov, Zhakshylyk"]
[Black "Zhang, Ziji"]
[Result "0-1"]
[WhiteElo "1986"]
[BlackElo "2160"]
[PlyCount "70"]
[EventDate "2014.06.04"]
[EventType "swiss"]
[EventRounds "9"]
[EventCountry "MAC"]
[SourceTitle "CBM 160 Extra"]
[Source "ChessBase"]
[SourceDate "2014.07.01"]
[SourceVersion "1"]
[SourceVersionDate "2014.07.01"]
[SourceQuality "1"]

1. d4 d5 2. c4 c6 3. cxd5 cxd5 4. Nc3 Nf6 5. Bf4 Nc6 6. e3 a6 7. Rc1 Bf5 8. Nf3 Rc8 9. Ne5 e6 10. Qa4 Qb6 11. Be2 Qxb2 12. 0-0 Bb4 13. Nxc6 Rxc6 14. Ne4 dxe4 15. Rxc6 bxc6 16. Qxc6+ Ke7 17. Qb7+ Nd7 18. Bxa6 Qc3 19. a4 Bd6 20. Bb5 Qc8 21. Bxd6+ Kxd6 22. Qa7 Rd8 23. a5 Qa8 24. Qxa8 Rxa8 25. Ra1 e5 26. d5 Nc5 27. a6 Ra7 28. Bc4 Bc8 29. h3 Bxa6 30. Bb5 Kxd5 31. f3 exf3 32. gxf3 Kd6 33. Bc4 f6 34. e4 Ra8 35. Bd5 Rb8 0-1

[Event "KGZ-ch"]
[Site "Bishkek"]
[Date "2014.05.26"]
[Round "10"]
[White "Nurlanov, Zhakshylyk"]
[Black "Takyrbashev, Bolot"]
[Result "1/2-1/2"]
[WhiteElo "1986"]
[BlackElo "2248"]
[PlyCount "78"]
[EventDate "2014.05.17"]
[EventType "tourn"]
[EventRounds "11"]
[EventCountry "KGZ"]
[SourceTitle "EXT 2016"]
[Source "ChessBase"]
[SourceDate "2015.10.08"]
[SourceVersion "1"]
[SourceVersionDate "2015.10.08"]
[SourceQuality "1"]

1. d4 Nf6 2. c4 g6 3. Nc3 Bg7 4. e4 0-0 5. Nf3 d6 6. h3 c5 7. d5 b5 8. cxb5 a6 9. bxa6 Qa5 10. Nd2 Bxa6 11. Be2 Nbd7 12. Bxa6 Qxa6 13. Qe2 Ne5 14. Qxa6 Rxa6 15. Ke2 Nh5 16. Nf3 Nxf3 17. gxf3 Rb8 18. a4 Rb4 19. a5 Bd4 20. Ra2 f5 21. Bd2 Kf7 22. Rg1 fxe4 23. Nxe4 Rb8 24. Ng5+ Kg8 25. Ne6 Bh8 26. Bc3 Nf6 27. Rd1 h6 28. h4 Kf7 29. Nf4 Nd7 30. Ne6 Bf6 31. Rh1 Ra7 32. h5 g5 33. Rha1 Bxc3 34. bxc3 Nf6 35. c4 Nxh5 36. Rh1 Kg6 37. Rg1 Kf6 38. Rh1 Kg6 39. Rg1 Kf6 1/2-1/2

[Event "KGZ-ch"]
[Site "Bishkek"]
[Date "2014.05.21"]
[Round "5"]
[White "Mamatov, Melis"]
[Black "Nurlanov, Zhakshylyk"]
[Result "1-0"]
[WhiteElo "2009"]
[BlackElo "1986"]
[PlyCount "105"]
[EventDate "2014.05.17"]
[EventType "tourn"]
[EventRounds "11"]
[EventCountry "KGZ"]
[SourceTitle "EXT 2016"]
[Source "ChessBase"]
[SourceDate "2015.10.08"]
[SourceVersion "1"]
[SourceVersionDate "2015.10.08"]
[SourceQuality "1"]

1. c4 f5 2. g3 g6 3. Bg2 Bg7 4. Nc3 Nf6 5. b3 0-0 6. Bb2 c6 7. d4 d5 8. e3 Be6 9. Qe2 a6 10. c5 Nbd7 11. Nf3 h6 12. h4 Ne4 13. Nd2 Nxc3 14. Bxc3 Nxc5 15. f3 Nd7 16. f4 Nf6 17. Bf3 Ne4 18. Bxe4 fxe4 19. Rc1 h5 20. b4 Bc8 21. Nb3 b6 22. a4 a5 23. bxa5 Ba6 24. Qg2 Bc4 25. Nd2 Bd3 26. g4 bxa5 27. gxh5 gxh5 28. Rg1 Rf7 29. Nb3 e6 30. Qg5 Qxg5 31. hxg5 Bf8 32. Nc5 Bxc5 33. dxc5 Rh7 34. g6 Rh6 35. Rg5 h4 36. Kf2 Rb8 37. Kg2 h3+ 38. Kh2 Rb3 39. Bd4 Rb4 40. Ra1 Rc4 41. Ra2 Rc2+ 42. Rxc2 Bxc2 43. g7 Bd1 44. f5 Rh5 45. Rg6 e5 46. f6 Rf5 47. Bxe5 Rf2+ 48. Kxh3 Rf3+ 49. Bg3 Rf5 50. Be5 Rf3+ 51. Kg2 Rf5 52. Rh6 Rh5 53. Rh8+ 1-0

[Event "KGZ-ch"]
[Site "Bishkek"]
[Date "2014.05.18"]
[Round "2"]
[White "Nurlanov, Zhakshylyk"]
[Black "Kachiev, Eldar"]
[Result "1/2-1/2"]
[WhiteElo "1986"]
[BlackElo "2025"]
[PlyCount "92"]
[EventDate "2014.05.17"]
[EventType "tourn"]
[EventRounds "11"]
[EventCountry "KGZ"]
[SourceTitle "EXT 2016"]
[Source "ChessBase"]
[SourceDate "2015.10.08"]
[SourceVersion "1"]
[SourceVersionDate "2015.10.08"]
[SourceQuality "1"]

1. d4 d5 2. c4 c6 3. Nc3 Nf6 4. e3 e6 5. Nf3 Nbd7 6. Qc2 Bd6 7. Bd3 0-0 8. 0-0 dxc4 9. Bxc4 a6 10. Rd1 b5 11. Bd3 Bb7 12. Ng5 h6 13. Nge4 Be7 14. a3 Qc7 15. b4 e5 16. h3 Rfd8 17. Nc5 exd4 18. exd4 Bc8 19. N3e4 Nf8 20. Bb2 Ne6 21. Bf1 Rd5 22. Rac1 Nxc5 23. Nxc5 Bf5 24. Qb3 a5 25. Re1 axb4 26. axb4 Bf8 27. Ra1 Rdd8 28. Rxa8 Rxa8 29. g3 Qc8 30. Kh2 Bd6 31. Bg2 Ra7 32. Rc1 Rc7 33. Ra1 h5 34. d5 Bxc5 35. Bxf6 gxf6 36. bxc5 cxd5 37. Bxd5 Kg7 38. Ra8 Qd7 39. c6 Qd6 40. Qxb5 h4 41. Qb8 hxg3+ 42. fxg3 Bc8 43. Bg2 f5 44. Ra4 Rxc6 45. Qb2+ Qf6 46. Qxf6+ Rxf6 1/2-1/2

[Event "KGZ-ch"]
[Site "Bishkek"]
[Date "2013.05.18"]
[Round "11"]
[White "Umarbekov, Aziz"]
[Black "Nurlanov, Zhakshylyk"]
[Result "0-1"]
[WhiteElo "2234"]
[BlackElo "1921"]
[PlyCount "96"]
[EventDate "2013.05.09"]
[EventType "swiss"]
[EventRounds "11"]
[EventCountry "KGZ"]
[SourceTitle "CBM 154 Extra"]
[Source "ChessBase"]
[SourceDate "2013.06.25"]
[SourceVersion "2"]
[SourceVersionDate "2013.06.25"]
[SourceQuality "1"]

1. e4 c5 2. c3 Nf6 3. e5 Nd5 4. d4 d6 5. f4 h5 6. Nf3 Bf5 7. Bd3 Bxd3 8. Qxd3 Nc6 9. 0-0 Qd7 10. a3 e6 11. Nbd2 cxd4 12. Nxd4 dxe5 13. fxe5 Nxe5 14. Qg3 Ng4 15. Ne4 Ngf6 16. Ng5 Bc5 17. Kh1 Bxd4 18. cxd4 0-0 19. Nh3 Qc7 20. Qh4 Ng4 21. Nf4 Qc4 22. Rd1 Qc2 23. Rf1 Qc4 24. Bd2 Qxd4 25. Rad1 Nxf4 26. Bxf4 Qxb2 27. h3 Nf6 28. Rde1 Qd4 29. Qg5 Ne4 30. Qxh5 Nf2+ 31. Kh2 Qxf4+ 32. g3 Qd4 33. Qe2 Ne4 34. Qxe4 Qxe4 35. Rxe4 Rac8 36. h4 Rc2+ 37. Kh3 Rd8 38. Rb4 b6 39. Kg4 Rd3 40. a4 Rcc3 41. Rg1 f5+ 42. Kh3 Kf7 43. Kh2 Kf6 44. Rg2 Ra3 45. g4 Rh3+ 46. Kg1 Ra1+ 47. Kf2 Ra2+ 48. Kf1 Ra1+ 0-1

[Event "KGZ-ch"]
[Site "Bishkek"]
[Date "2013.05.16"]
[Round "8"]
[White "Nurlanov, Zhakshylyk"]
[Black "Takyrbashev, Bolot"]
[Result "0-1"]
[WhiteElo "1921"]
[BlackElo "2234"]
[PlyCount "58"]
[EventDate "2013.05.09"]
[EventType "swiss"]
[EventRounds "11"]
[EventCountry "KGZ"]
[SourceTitle "CBM 154 Extra"]
[Source "ChessBase"]
[SourceDate "2013.06.25"]
[SourceVersion "2"]
[SourceVersionDate "2013.06.25"]
[SourceQuality "1"]

1. d4 Nf6 2. c4 g6 3. Nc3 Bg7 4. e4 0-0 5. Nf3 d6 6. h3 e5 7. d5 a5 8. Bg5 Na6 9. g4 Nc5 10. Nd2 h6 11. Be3 Nh7 12. Be2 b6 13. Nb3 Na6 14. h4 f5 15. h5 f4 16. Bd2 f3 17. Bf1 Bxg4 18. hxg6 Ng5 19. Qc1 Bd7 20. Rh5 a4 21. Bxg5 hxg5 22. Nxa4 Bxa4 23. Bh3 Bd7 24. Bxd7 Qxd7 25. Qxg5 Rf4 26. Rh7 Qg4 27. Rxg7+ Kxg7 28. Qe7+ Kxg6 29. 0-0-0 Rf7 0-1

[Event "World ol U16 11th"]
[Site "Istanbul"]
[Date "2012.09.01"]
[Round "6.14"]
[White "Gorbanovsky, Oleg"]
[Black "Nurlanov, Zhakshylyk"]
[Result "1/2-1/2"]
[WhiteElo "1968"]
[BlackElo "1912"]
[PlyCount "26"]
[EventDate "2012.08.29"]
[EventType "team-swiss"]
[EventRounds "10"]
[EventCountry "TUR"]
[SourceTitle "CBM 150 Extra"]
[Source "ChessBase"]
[SourceDate "2012.10.19"]
[SourceVersion "1"]
[SourceVersionDate "2012.10.19"]
[SourceQuality "1"]
[WhiteTeam "Moldova (U16)"]
[BlackTeam "Kyrgyzstan (U16)"]
[WhiteTeamCountry "MDA"]
[BlackTeamCountry "KGZ"]

1. e4 c5 2. Nf3 d6 3. d4 cxd4 4. Qxd4 a6 5. c4 Nc6 6. Qd2 Nf6 7. Nc3 g6 8. b3 Bg7 9. Bb2 0-0 10. h3 Nd7 11. Be2 Nc5 12. 0-0 h6 13. Nd5 Qa5 1/2-1/2

[Event "World School-ch U15 8th"]
[Site "Iasi"]
[Date "2012.04.29"]
[Round "2"]
[White "Nurlanov, Zhakshylyk"]
[Black "Hajiverdiyev, Chingiz"]
[Result "1-0"]
[WhiteElo "1865"]
[BlackElo "1733"]
[PlyCount "113"]
[EventDate "2012.04.28"]
[EventType "swiss"]
[EventRounds "9"]
[EventCountry "ROU"]
[SourceTitle "EXT 2013"]
[Source "ChessBase"]
[SourceDate "2012.11.22"]
[SourceVersion "1"]
[SourceVersionDate "2012.11.22"]
[SourceQuality "1"]

1. d4 Nf6 2. Bg5 Ne4 3. Bf4 d5 4. Nd2 Nxd2 5. Qxd2 e6 6. Nf3 Nd7 7. e3 Be7 8. Bd3 0-0 9. 0-0 c5 10. c3 b6 11. e4 Bb7 12. e5 Re8 13. Rfe1 a5 14. Qe2 Qc8 15. Bg5 Ba6 16. Bxe7 Rxe7 17. Bxh7+ Kxh7 18. Ng5+ Kg8 19. Qh5 Bd3 20. Re3 Bg6 21. Qh4 Re8 22. Rh3 Kf8 23. Rf3 Ra7 24. Nxe6+ Kg8 25. Ng5 cxd4 26. e6 fxe6 27. Rh3 Kf8 28. Qh8+ Ke7 29. Qxg7+ Kd6 30. Qxg6 Ne5 31. Qh5 Rc7 32. f4 Nc4 33. Nf7+ Kd7 34. Ne5+ Nxe5 35. Qxe5 dxc3 36. bxc3 Rc4 37. Rh7+ Kc6 38. Re1 Kb5 39. Rb1+ Ka6 40. Qg7 Qb8 41. Qd7 b5 42. Rxb5 Rc7 43. Qd6+ Kxb5 44. Rxc7 Qb6+ 45. Qxb6+ Kxb6 46. Rf7 Rc8 47. Rf6 Rxc3 48. Rxe6+ Kc5 49. Kf2 Rc4 50. Kf3 Rc3+ 51. Re3 Rc2 52. Re2 Rc3+ 53. Kf2 d4 54. Rd2 d3 55. Ke3 Kc4 56. f5 Rc1 57. Rxd3 1-0

[Event "World School-ch U15 8th"]
[Site "Iasi"]
[Date "2012.04.28"]
[Round "1"]
[White "Martinez Baquero, Hugo Esteban"]
[Black "Nurlanov, Zhakshylyk"]
[Result "1/2-1/2"]
[WhiteElo "1940"]
[BlackElo "1865"]
[PlyCount "68"]
[EventDate "2012.04.28"]
[EventType "swiss"]
[EventRounds "9"]
[EventCountry "ROU"]
[SourceTitle "EXT 2013"]
[Source "ChessBase"]
[SourceDate "2012.11.22"]
[SourceVersion "1"]
[SourceVersionDate "2012.11.22"]
[SourceQuality "1"]

1. d4 d5 2. c4 e6 3. Nc3 c6 4. Nf3 dxc4 5. e3 b5 6. a4 Bb4 7. Bd2 Bb7 8. Qc2 a5 9. axb5 Bxc3 10. Bxc3 cxb5 11. d5 e5 12. Bxe5 Nf6 13. Nd4 Qxd5 14. Bxb8 Rxb8 15. Rxa5 Ra8 16. Rxb5 Qd7 17. Qf5 Ra1+ 18. Ke2 Qxf5 19. Nxf5 Ba6 20. Rb8+ Kd7 21. Rxh8 c3+ 22. Kf3 Bb7+ 23. Kf4 cxb2 24. Bd3 Rxh1 25. Rf8 Be4 26. Rxf7+ Kc6 27. Rxf6+ gxf6 28. Bxe4+ Kd7 29. g4 b1Q 30. Bxb1 Rxb1 31. e4 Ke6 32. g5 Rb4 33. f3 Ra4 34. h3 Kf7 1/2-1/2

[Event "KGZ-ch"]
[Site "Bishkek"]
[Date "2012.04.08"]
[Round "8"]
[White "Akylbekov, Nasyr"]
[Black "Nurlanov, Zhakshylyk"]
[Result "1-0"]
[WhiteElo "2380"]
[BlackElo "1865"]
[PlyCount "81"]
[EventDate "2012.04.01"]
[EventType "swiss"]
[EventRounds "11"]
[EventCountry "KGZ"]
[SourceTitle "EXT 2013"]
[Source "ChessBase"]
[SourceDate "2012.11.22"]
[SourceVersion "1"]
[SourceVersionDate "2012.11.22"]
[SourceQuality "1"]

1. e4 d5 2. exd5 Qxd5 3. Nc3 Qd6 4. g3 c5 5. Bg2 e6 6. Nf3 Nc6 7. 0-0 Nf6 8. d4 cxd4 9. Nb5 Qd8 10. Bf4 Nd5 11. Nfxd4 Nxd4 12. Qxd4 a6 13. Nc3 Nxf4 14. Qxf4 Bd6 15. Qa4+ Qd7 16. Qd4 0-0 17. Rfd1 Rd8 18. Ne4 Be7 19. Qb6 Qxd1+ 20. Rxd1 Rxd1+ 21. Bf1 e5 22. Nc3 Rd8 23. Kg2 Rb8 24. Bc4 Bd7 25. Bd5 Rdc8 26. Ne4 Bc6 27. c4 Kf8 28. g4 h6 29. Qe3 b5 30. Qf3 Be8 31. b3 a5 32. Qf5 Kg8 33. cxb5 Rd8 34. Bc4 Bd6 35. Nxd6 Rxd6 36. Qxe5 Rdb6 37. a4 R6b7 38. Qd6 Rb6 39. Qd2 Ra8 40. Bd5 Ra7 41. Qe3 1-0

[Event "KGZ-ch"]
[Site "Bishkek"]
[Date "2012.04.05"]
[Round "5"]
[White "Nurlanov, Zhakshylyk"]
[Black "Shabdanov, Moldobek"]
[Result "1/2-1/2"]
[WhiteElo "1865"]
[BlackElo "2153"]
[PlyCount "33"]
[EventDate "2012.04.01"]
[EventType "swiss"]
[EventRounds "11"]
[EventCountry "KGZ"]
[SourceTitle "EXT 2013"]
[Source "ChessBase"]
[SourceDate "2012.11.22"]
[SourceVersion "1"]
[SourceVersionDate "2012.11.22"]
[SourceQuality "1"]

1. d4 c5 2. Nf3 cxd4 3. Nxd4 Nf6 4. c4 e5 5. Nf3 Nc6 6. Nc3 Bc5 7. e3 e4 8. Ng5 Qe7 9. Qc2 Bb4 10. Bd2 Bxc3 11. Bxc3 Nb4 12. Qd2 Nc6 13. Rd1 Ng4 14. Nh3 0-0 15. Be2 f5 16. Bxg4 fxg4 17. Nf4 1/2-1/2